Welcome to CU Library Online Public Access Catalogue (OPAC)

Statistics and data analysis for the behavioral sciences / (Record no. 33)

MARC details
000 -LEADER
fixed length control field 00785cam a22002174a 4500
001 - CONTROL NUMBER
control field 11970491
005 - DATE AND TIME OF LATEST TRANSACTION
control field 20240829123241.0
008 - FIXED-LENGTH DATA ELEMENTS--GENERAL INFORMATION
fixed length control field 000411s2001 maua b 001 0 eng
020 ## - INTERNATIONAL STANDARD BOOK NUMBER
International Standard Book Number 0072347643
050 00 - LIBRARY OF CONGRESS CALL NUMBER
Classification number BF39
Item number .D825 2001
082 00 - DEWEY DECIMAL CLASSIFICATION NUMBER
Classification number 150/.1/5195
Edition information 21
100 1# - MAIN ENTRY--PERSONAL NAME
Personal name Dunn, Dana.
245 10 - TITLE STATEMENT
Title Statistics and data analysis for the behavioral sciences /
Statement of responsibility, etc. Dana S. Dunn.
260 ## - PUBLICATION, DISTRIBUTION, ETC.
Place of publication, distribution, etc. Boston :
Name of publisher, distributor, etc. McGraw Hill Higher Education,
Date of publication, distribution, etc. c2001.
300 ## - PHYSICAL DESCRIPTION
Extent xxviii, 582, [138] p. :
Other physical details ill. (some col.) ;
Dimensions 26 cm.
650 #0 - SUBJECT ADDED ENTRY--TOPICAL TERM
Topical term or geographic name entry element Psychometrics.
650 #0 - SUBJECT ADDED ENTRY--TOPICAL TERM
Topical term or geographic name entry element Psychology
General subdivision Research
-- Methodology.
856 42 - ELECTRONIC LOCATION AND ACCESS
Materials specified Publisher description
Uniform Resource Identifier <a href="http://www.loc.gov/catdir/description/mh021/00030546.html">http://www.loc.gov/catdir/description/mh021/00030546.html</a>
856 41 - ELECTRONIC LOCATION AND ACCESS
Materials specified Table of contents
Uniform Resource Identifier <a href="http://www.loc.gov/catdir/toc/mh021/00030546.html">http://www.loc.gov/catdir/toc/mh021/00030546.html</a>
942 ## - ADDED ENTRY ELEMENTS (KOHA)
Source of classification or shelving scheme Library of Congress Classification
Koha item type Books
Suppress in OPAC No
999 ## -
-- 33
-- 33
Holdings
Withdrawn status Lost status Source of classification or shelving scheme Damaged status Not for loan Home library Current library Date acquired Total checkouts Full call number Barcode Date last seen Price effective from Koha item type
    Library of Congress Classification     Business Library (Miotso) Business Library (Miotso) 08/29/2024   BF39 DUN bssm00000015 08/29/2024 08/29/2024 Books
    Dewey Decimal Classification     Business Library (Miotso) Business Library (Miotso) 08/29/2024   BF39 DUN bssm00000016 08/29/2024 08/29/2024 Books
© 2023-2024 Copyright: Central University Libraries. All Rights Reserved | Created by: Mahone Tech Office